Регионална библиотека "Любен Каравелов" - Русе

Турците в България (Запис номер 131485)

MARC детайли
000 -Лидер
Контролно поле с фиксирана дължина 01722nam a2200409 c 4500
003 - Код на организацията, давaща контролен номер
Контролно поле BLK
005 - Дата и час на последна редакция
Контролно поле 20180422111552.0
008 - Елементи от данни с фиксирана дължина
fixed length control field 180409b bul|||||r ||||||| ||bul||
010 ## - Наследен системен номер
LC control number KNG00137306000
020 ## - Международен стандартен номер на книга ISBN
Международен стандартен номер на книга ISBN 978-954-92306-9-7
-- издат.: Vagabond Media
040 ## - Източник на каталожния запис
Идентификатор на билиотеката - собственик на записа BLK
041 ## - Код за език
Код за езика на текст/звукозапис или на отделно заглавие Български
Код за езика КДБФ Български
072 #7 - Код за тематичната категория
Код организация bullib
Код за тематична категория Н31
Текст Социология Н
080 ## - УДК
Текстов определител УДК Мнозинства. Малцинства
УДК код - определител по УДК 316.347.2
УДК определител (497.2=943.5)
УДК - код + определител 316.347.2(497.2=943.5)
080 ## - УДК
Текстов определител УДК Национални малцинства. Оптанти
УДК код - определител по УДК 323.15
УДК определител (497.2=943.5)
УДК - код + определител 323.15(497.2=943.5)
080 ## - УДК
Текстов определител УДК Етнология. Етнография. Нрави. Обичаи. Бит. Фолклористика. Вж и 572 ; 903 ; 904
УДК код - определител по УДК 39
УДК определител (497.2=943.5)
УДК - код + определител 39(497.2=943.5)
100 1# - Редна дума - Автор
Автор Георгиев, Антони
Авторска отговорност първи автор
R(LIN) 378244
139 ## - Редно поле
Редна дума Турците в България
Авторски знак Турл - Т 93
245 10 - Сведения за заглавието
Заглавие Турците в България
Подзаглавни данни История, традиции, култура
Редно поле (дума) Антони Георгиев; фотогр. Антони Георгиев.
257 ## - Страна на издаване
Страна на създаване/издаване България
260 ## - Област на издателските данни
-- София
Име на издателя, разпространителя и проч. Vagabond Media
Година на издаване 2012
Печатница София : Д. Благоев
300 ## - Физическа характеристика
Страници 187 с.
Илюстрации и др. с ил.
Размери/Мащаб 21х26 см
380 ## - Жанр
Жанр Обществени науки
650 #4 - Допълнително описание по предмет – тема
Основно описание – тема или топоним Турци - България
9 (RLIN) 280571
650 #4 - Допълнително описание по предмет – тема
Основно описание – тема или топоним Малцинства, турски - България
9 (RLIN) 263329
653 ## - Ключова дума – ненормативна
Ключова дума турци
653 ## - Ключова дума – ненормативна
Ключова дума малцинства
653 ## - Ключова дума – ненормативна
Ключова дума история
653 ## - Ключова дума – ненормативна
Ключова дума култура
659 ## - Тематичен бюлетин
Тематичен бюлетин Н
700 1# - Други автори (авторска отговорност)
Лично име Георгиев, Антони
Автороска отговорност (Описва отношението между автора и произведението) фотогр.
9 (RLIN) 378244
852 ## - Местоположение
Форматна сигнатура Цб 257460
856 4# - Електронен адрес и достъп
Електронен формат pdf - файл
Път до файла /url/
856 4# - Електронен адрес и достъп
Електронен формат pdf - файл
Път до файла /url/
942 ## - АРТИКУЛИ
Вид на библиотечния материал Книги
Скрит в OPAC Не
944 ## - СЪЗДАВАНЕ И РЕДАКЦИЯ на ЗАПИСА
Създаване/Редакция Създаване
Дата на регистрацията/редакция 19.05.2010
Служител, извършил регистрацията/редакцията Геновева_Генчева
944 ## - СЪЗДАВАНЕ И РЕДАКЦИЯ на ЗАПИСА
Създаване/Редакция Редакция
Дата на регистрацията/редакция 09.01.2013
Служител, извършил регистрацията/редакцията
999 ## - СИСТЕМНИ КОНТРОЛНИ НОМЕРА
Koha biblionumber 131485
Koha biblioitemnumber 131485
Наличности
Код за отписване Код за изгубен артикул Код за повреда Коз за рестрикции Код за отдаване Артикулен № Име на библиотеката - собственик Име на библиотеката, в която се намира в момента Статус (Текущо местоположение) Дата на вписване в системата Местоположение - отдел Цена в лева Инвентарен номер Систематично азбучна сигнатура Баркод Номер на екземпляра Цена в евро Служебна бележка Служебен тип на артикула
  Не е изгубен Не е повреден без рестрикции ползва се в читалня 214494 Регионална библиотека "Любен Каравелов" Русе Регионална библиотека "Любен Каравелов" Русе Читалня 2012-12-15 Читалня 34.99 120000762429 Ч 316/Т 93 120000762429 1 17.89 Дост: Pk Вид: Ф N: 335 Дата: 10.12.2012 Дата инв: 22.03.2017 Бележки инв: Ч2017 Книги
Vip Innovations Ltd, Rousse, Bulgaria 2025